Quiz Qui a dit...? (Acteur) - Statistiques

Statistiques générales
  • Ce quiz a été pris 116 fois
    93 depuis la dernière actualisation
  • Le résultat moyen est 4 sur 15
Statistiques - réponses
Phrases cultes Nom de personnage % Correct
"Je suis ton père" Dark Vador
97%
"La vie, c'est comme une boîte de chocolats : on ne sait jamais sur quoi on va tomber" Forrest
78%
"Je ne suis pas en danger ...., c'est moi le danger" Walter White
48%
“Un grand pouvoir implique de grandes responsabilités." Oncle Ben
40%
"Un soleil rouge se lève, beaucoup de sang a dû couler cette nuit." Legolas
25%
"Je suis ....-ornichon!" Rick
21%
"J'peux pas, j'ai pas le temps, j'ai rien à faire." Jeff Tuche
19%
"Celui qui dit qui la fait je lui offre, un sandwich." Pierre
17%
"J'ai glissé chef" Pithivier
13%
“Sssplendide !!” Stanley Ipkiss
13%
"Que la personne qui a pété se dénonce ou se taise à jamais" Marc
12%
“Avant, je me disais que ma vie était une tragédie. Je me rends compte que c’est une comédie.” Arthur Fleck
10%
"J'ai les mains faites pour l'or, et elles sont dans la merde" Al-Pacino
8%
“Arrêtez ! Ou je tire une balle dans la tête à la main !” Ramzy
6%
"La seule façon de garantir la paix est de rendre la perspective d'une guerre sans espoir." Thomas Shelby
3%
Aucun quiz correspondant
Distribution des résultats
% des personnes avec chaque résultat
Percentile par nombre de réponses
Votre historique - résultats
Vous n’avez pas pris ce quiz depuis la dernière actualisation